Entrepreneurship: context, vision and planning (Record no. 4707)
[ view plain ]
| 000 -LEADER | |
|---|---|
| fixed length control field | 00400 a2200133 4500 |
| 020 ## - INTERNATIONAL STANDARD BOOK NUMBER | |
| International Standard Book Number | 1403901600 |
| 040 ## - CATALOGING SOURCE | |
| Original cataloging agency | DLC |
| Language of cataloging | DLC |
| 100 ## - MAIN ENTRY--PERSONAL NAME | |
| Personal name | Legge, John M. |
| 245 10 - TITLE STATEMENT | |
| Title | Entrepreneurship: context, vision and planning |
| Remainder of title | context, vision and planning |
| Statement of responsibility, etc. | John M. Legge, Kevin G. Hindle. |
| 260 ## - PUBLICATION, DISTRIBUTION, ETC. | |
| Name of publisher, distributor, etc. | Palgrave Macmillan (UK) |
| Date of publication, distribution, etc. | 2004. |
| 300 ## - PHYSICAL DESCRIPTION | |
| Extent | 411 p. |
| 700 10 - ADDED ENTRY--PERSONAL NAME | |
| Personal name | Hindle, Kevin G. |
| 942 ## - ADDED ENTRY ELEMENTS (KOHA) | |
| Koha item type | Book |
| Call number prefix | 658.421 LEG |
| Source of classification or shelving scheme | |
| Withdrawn status | Lost status | Damaged status | Not for loan | Collection code | Permanent Location | Current Location | Shelving location | Date acquired | Source of acquisition | Cost, normal purchase price | Total Checkouts | Full call number | Barcode | Date last seen | Price effective from | Koha item type |
|---|---|---|---|---|---|---|---|---|---|---|---|---|---|---|---|---|
| Central Library (CL) | Central Library (CL) | General Stacks | 03/10/2005 | Allied Book Company | 3692.36 | 658.421 LEG | SEECS005384 | 11/14/2012 | 01/05/2017 | Book |
